000 00578cab a2200205 4500
001 ABS41703
008 090401t1989 xxu||||| |||| 00| 0 eng d
035 _a(Sirsi) u31868
041 _aeng
100 _aHoneyman, D.
245 4 _aThe DIY retail warehouse market and rent reviews
260 _c1989
350 _a0
490 _aShop Property
_vOctober 1989, 58-59(2)
520 _aBrief guidance for retail warehouse tenants preparing evidence for rent review .
650 _aDIY
690 _aLANDLORD AND TENANT-RENT REVIEWS
942 _n0
948 _c04/03/1997
999 _c21388
_d21388